Study on degradability of ricestraw and mulato ii on local cattle by using the nylonbagtechnique in defferent medium of feeds (ការសិក្សាអំពីកំរិតរលាយរបស់ចំបើងនិងស្មៅ Mulato II លើគោពូជក្នុងស្រុកដោយប្រើវិធីសាស្រ្តថង់នីឡុងក្នុងមជ្ឃដ្ឋានចំណីខុសគ្នា) (Record no. 2349)
[ view plain ]
| 000 -LEADER | |
|---|---|
| fixed length control field | 00823nam a22001577a 4500 |
| 003 - CONTROL NUMBER IDENTIFIER | |
| control field | OSt |
| 005 - DATE AND TIME OF LATEST TRANSACTION | |
| control field | 20151020110950.0 |
| 008 - FIXED-LENGTH DATA ELEMENTS--GENERAL INFORMATION | |
| fixed length control field | 151020b xxu||||| |||| 00| 0 eng d |
| 040 ## - CATALOGING SOURCE | |
| Transcribing agency | RUA |
| 082 ## - DEWEY DECIMAL CLASSIFICATION NUMBER | |
| Classification number | AVM SEA B089 2009 Or.1 |
| 100 ## - MAIN ENTRY--PERSONAL NAME | |
| 9 (RLIN) | 2496 |
| Personal name | SEANG, SOTHEA. |
| 245 ## - TITLE STATEMENT | |
| Title | Study on degradability of ricestraw and mulato ii on local cattle by using the nylonbagtechnique in defferent medium of feeds (ការសិក្សាអំពីកំរិតរលាយរបស់ចំបើងនិងស្មៅ Mulato II លើគោពូជក្នុងស្រុកដោយប្រើវិធីសាស្រ្តថង់នីឡុងក្នុងមជ្ឃដ្ឋានចំណីខុសគ្នា) |
| 260 ## - PUBLICATION, DISTRIBUTION, ETC. (IMPRINT) | |
| Place of publication, distribution, etc. | Phnom Penh |
| Name of publisher, distributor, etc. | RUA |
| Date of publication, distribution, etc. | 2009 |
| 300 ## - PHYSICAL DESCRIPTION | |
| Extent | xii, 41p. |
| Other physical details | ill. |
| Dimensions | 29cm. |
| 942 ## - ADDED ENTRY ELEMENTS (KOHA) | |
| Source of classification or shelving scheme | |
| Koha item type | AVM |
| Price effective from | Date last seen | Permanent Location | Not for loan | Date acquired | Source of classification or shelving scheme | Koha item type | Lost status | Withdrawn status | Date last checked out | Total Checkouts | Shelving location | Damaged status | Barcode | Current Location | Full call number |
|---|---|---|---|---|---|---|---|---|---|---|---|---|---|---|---|
| 2015-10-20 | 2015-10-20 | Library Block B | 2015-10-20 | AVM | B089 | RUA028561 | Library Block B | AVM SEA B089 2009 Or.1 | |||||||
| 2015-10-20 | 2020-08-31 | Library Block B | 2015-10-20 | AVM | 2020-08-14 | 3 | B089 | RUA028560 | Library Block B | AVM SEA B089 2009 Or.2 | |||||
| 2015-10-20 | 2015-10-20 | Library Block B | 2015-10-20 | AVM | B089 | RUA028986 | Library Block B | AVM SEA B089 2009 Or.3 | |||||||
| 2015-10-20 | 2015-10-20 | Library Block B | 2015-10-20 | AVM | B089 | RUA028914 | Library Block B | AVM SEA B089 2009 Or.4 | |||||||
| 2015-10-20 | 2015-10-20 | Library Block B | 2015-10-20 | AVM | B089 | RUA028842 | Library Block B | AVM SEA B089 2009 Or.5 | |||||||
| 2015-10-20 | 2015-10-20 | Library Block B | 2015-10-20 | AVM | B089 | RUA028705 | Library Block B | AVM SEA B089 2009 Or.6 |